000 00639nam a22001697a 4500
999 _c33645
_d33645
003 OSt
005 20230214221544.0
008 230116b ||||| |||| 00| 0 eng d
040 _aBMC
_cBMC
082 _a635.952
245 0 0 _aVerificación de fitoplasma en material vegetativo e insectos portadores en Jocote de Corona (spondias purpurea)
_cAdamid Beltrán Cañas...[et al.]
260 _aSan Salvador, El Salvador
_bMAG-CENTA
_c[2009?]
300 _a40 p.
_bil. col.
_c27 cm
505 _aContiene: Materiales y métodos.- Insectos portadores de fitoplasma.-
650 2 4 _925183
_aCultivos tropicales
942 _2ddc
_cPR
_hprozim